<Ein> Ansatz zur Operationalisierung des Konstrukts "Image" für die Marktforschung.

Význam pojmu imidž pre výskum poľnohospodárskeho trhu. Porovnanie imidžu a postoja a obsahový rozdiel medzi nimi. Súvislosť medzi konštrukciou imidžu a kognitívnou psychológiou. Ľudia ako informačne spracované systémy. Význam psychologicky orientovaného imidžu pre marketing.

Guardado en:
Detalles Bibliográficos
Autor principal: Meier, T.
Otros Autores: Hagedorn, K.
Formato: Capítulo de libro
Lenguaje:alemán
Materias:
Etiquetas: Agregar Etiqueta
Sin Etiquetas, Sea el primero en etiquetar este registro!

MARC

LEADER 00000naa a2200000 4500
001 r012026
005 20220826094508.3
041 0 |a ger 
044 |a DE 
245 1 0 |a <Ein> Ansatz zur Operationalisierung des Konstrukts "Image" für die Marktforschung.  |c T. Meier, K. Hagedorn 
520 |a Význam pojmu imidž pre výskum poľnohospodárskeho trhu. Porovnanie imidžu a postoja a obsahový rozdiel medzi nimi. Súvislosť medzi konštrukciou imidžu a kognitívnou psychológiou. Ľudia ako informačne spracované systémy. Význam psychologicky orientovaného imidžu pre marketing. 
610 2 0 |a imidž 
610 2 0 |a výskum trhu 
610 2 0 |a výrobky poľnohospodárske 
610 2 0 |a spotrebitelia 
610 2 0 |a správanie 
610 2 0 |a psychológia 
610 2 0 |a marketing 
610 2 0 |a psychológia trhu 
100 1 |a Meier, T. 
700 1 |a Hagedorn, K.